| 000 | 00631nam a2200205 u 4500 | ||
|---|---|---|---|
| 005 | 20230316063601.0 | ||
| 008 | 121023s2011 es r 000 0 spa d | ||
| 020 | _a9788466795340 | ||
| 035 | _aUPN01000187880 | ||
| 049 | _aI | ||
| 050 | 4 |
_aPZ10.3 _bP6.2 |
|
| 100 | 1 |
_aPoussier, Audrey, _d1978- _933199 |
|
| 245 | 1 | 1 |
_a¡Ay, qué cosquillas! / _cAudrey Poussier ; tr. José Luis Aja Sánchez. |
| 260 |
_aMadrid : _bAnaya, _cc2011. |
||
| 300 |
_a[24] p. : _bil. |
||
| 534 |
_pTítulo original: _tGuilli guilli |
||
| 650 | 4 |
_aCuentos infantiles ingleses _910002 |
|
| 650 | 0 |
_aAnimales _vCuentos y leyendas _9234 |
|
| 905 | _aInfantil | ||
| 999 |
_c159983 _d159983 |
||